Statistics for Countries based on the first 3 letters

Click here to take the quiz!

General Stats

  • This quiz has been taken 42 times
  • The average score is 14 of 15

Answer Stats

HintAnswer% Correct
CanCanada
100%
LuxLuxembourg
100%
MexMexico
100%
QatQatar
100%
RusRussia
100%
SriSri Lanka
100%
CroCroatia
97%
SurSuriname
94%
BruBrunei
92%
GreGreece
92%
LesLesotho
89%
KyrKyrgyzstan
86%
St LSt Lucia
86%
BurBurkina Faso
78%
PalPalau
61%

Score Distribution

Percentile by Number Answered

Percent of People with Each Score

Your Score History

You have not taken this quiz